000 00524nam a2200193Ia 4500
003 OSt
005 20191221093736.0
008 190216s9999||||xx |||||||||||||| ||und||
020 _a9788125923473
040 _coclc
082 _a338.7
_bDWI/M
100 _aDwivedi, D N
_9463
245 0 _aManagerial Economics /
_cD N Dwivedi
250 _a7th ed.
260 _bVikas Publishing House,
_aDelhi:
_c2008.
300 _a704p
650 _aEconomics
942 _cBK
_2ddc
_h338.7
_iDWI/M
_k338.7
_mDWI/M
999 _c11055
_d11055